| 000 | 00454nam a22001697a 4500 | ||
|---|---|---|---|
| 005 | 20231206015228.0 | ||
| 008 | 231206b |||||||| |||| 00| 0 eng d | ||
| 020 | _a8185054655 | ||
| 082 |
_222 _a305.5. _bYOG. |
||
| 100 | _aYogendra singh. | ||
| 245 |
_a Social stratification and change in India . _cSingh yogendra. |
||
| 250 | _a1st. | ||
| 260 |
_aNew delhi . _bManohar publication. _c1977. |
||
| 300 | _axxi, 157 p. | ||
| 650 | _asociology. | ||
| 942 | _cL | ||
| 999 |
_c157 _d157 |
||